Seguridad y bien común
Gorde:
| Egile nagusia: | |
|---|---|
| Formatua: | Liburua |
| Hizkuntza: | gaztelania |
| Argitaratua: |
Santiago
CISEC
1976
|
| Edizioa: | 1a. ed |
| Saila: | Estudios sobre Tópicos de Doctrina Social de la Iglesia
|
| Gaiak: | |
| Etiketak: |
Etiketa erantsi
Etiketarik gabe, Izan zaitez lehena erregistro honi etiketa jartzen!
|
MARC
| LEADER | 00000cam a2200000 a 4500 | ||
|---|---|---|---|
| 001 | UCC9943 | ||
| 003 | CL-VaPUC | ||
| 005 | 20230411074555.0 | ||
| 008 | 191122e19760000cl spa d | ||
| 082 | 0 | 4 | |a 270.6 |b ZAÑ |2 21 |
| 100 | 1 | |a Zañartu, Mario |e author |9 605251 | |
| 245 | 1 | 0 | |a Seguridad y bien común |
| 250 | |a 1a. ed | ||
| 260 | |a Santiago |b CISEC |c 1976 | ||
| 300 | |a v | ||
| 490 | 0 | |a Estudios sobre Tópicos de Doctrina Social de la Iglesia | |
| 500 | |a v.1: seguridad nacional y política | ||
| 500 | |a v.2: la seguridad nacional, condición del bien común | ||
| 500 | |a v.3: libertad y seguridad nacional | ||
| 500 | |a v.4: participación y seguridad nacional | ||
| 500 | |a v.5: conflicto, consenso y seguridad nacional | ||
| 583 | |a last modification |c 20191122 12:01:00 |k Rodrigo Vera | ||
| 650 | 0 | 0 | |a Humanismo cristiano |9 257489 |
| 650 | 0 | 0 | |a Doctrina social de la iglesia |9 257333 |
| 942 | |c BK | ||
| 945 | |a dcastane |d 20191122 12:01:00 | ||
| 999 | |c 376228 |d 376226 | ||
| 952 | |0 0 |1 0 |2 ddc |3 erb |4 0 |6 270_600000000000000_ZAÑ_1976 |7 0 |8 A |9 495535 |a BIBDER |b BIBDER |e Precht Pizarro, Jorge Enrique |h v.1 |i 561063K |o 270.6 ZAÑ 1976 |p 561063K |r 2023-01-25 |w 2020-01-06 |y MX |z Catalogado en:20191122 |k DER | ||
| 952 | |0 0 |1 0 |3 erb |4 0 |6 270_600000000000000_ZAÑ_1976 |7 0 |8 A |9 495536 |a BIBDER |b BIBDER |e Precht Pizarro, Jorge Enrique |h v.2 |i 5610648 |o 270.6 ZAÑ 1976 |p 5610648 |r 2023-01-25 |w 2020-01-06 |y BK |z Catalogado en:20191122 |k DER | ||
| 952 | |0 0 |1 0 |2 ddc |3 erb |4 0 |6 270_600000000000000_ZAÑ_1976 |7 0 |8 A |9 495537 |a BIBDER |b BIBDER |e Precht Pizarro, Jorge Enrique |h v.3 |i 5610656 |o 270.6 ZAÑ 1976 |p 5610656 |r 2023-01-25 |w 2020-01-06 |y MX |z Catalogado en:20191122 |k DER | ||
| 952 | |0 0 |1 0 |2 ddc |3 erb |4 0 |6 270_600000000000000_ZAÑ_1976 |7 0 |8 A |9 495538 |a BIBDER |b BIBDER |e Precht Pizarro, Jorge Enrique |h v.4 |i 5610664 |o 270.6 ZAÑ 1976 |p 5610664 |r 2023-01-25 |w 2020-01-06 |y MX |z Catalogado en:20191122 |k DER | ||
| 952 | |0 0 |1 0 |2 ddc |3 erb |4 0 |6 270_600000000000000_ZAÑ_1976 |7 0 |8 A |9 495539 |a BIBDER |b BIBDER |e Precht Pizarro, Jorge Enrique |h v.5 |i 5610672 |o 270.6 ZAÑ 1976 |p 5610672 |r 2023-01-25 |w 2020-01-06 |y MX |z Catalogado en:20191122 |k DER | ||